| 000 | 01374cam a22003737a 4500 | ||
|---|---|---|---|
| 003 | CHAP | ||
| 005 | 20220329141909.0 | ||
| 008 | 980428d1994 mx r o00110 spa d | ||
| 010 | _a75433 | ||
| 011 | _a76405 | ||
| 035 | _a85989 | ||
| 040 | _cCHAP | ||
| 090 | _aFolleto 15041 | ||
| 100 | 0 | 0 |
_aDomínguez Alvarez, Francisco Alberto. _933768 |
| 245 | 1 | 0 |
_aAnálisis histórico ecológico de los bosques de Pseudotsuga en México _c/por Francisco Alberto Domínguez Alvarez |
| 260 |
_aEl Palmar, Ver. : _bINIFAP. Campo Experimental El Palmar. División Forestal, _c1994. |
||
| 300 | _a43 p. | ||
| 410 | 1 | 1 |
_aINIFAP. Campo Experimental El Palmar. _bDivisión Forestal |
| 490 | 0 |
_aFolleto técnico _v; 23 |
|
| 590 |
_aBATCH-UPD _b10 _c20130110 _lUCH01 _h0404 |
||
| 590 |
_aBATCH-UPD _b10 _c20130110 _lUCH01 _h1944 |
||
| 590 |
_aBATCH-UPD _b10 _c20130410 _lUCH01 _h0037 |
||
| 590 |
_aBATCH-UPD _b10 _c20130410 _lUCH01 _h1556 |
||
| 590 |
_aBATCH-UPD _b10 _c20130914 _lUCH01 _h0719 |
||
| 590 |
_aCONVERSION _b10 _c20130109 _lUCH01 _h1341 |
||
| 650 | 1 | 4 |
_aBosques _xHistoria _xMéxico. _914204 |
| 650 | 1 | 4 |
_aPseudotsuga. _992587 |
| 810 | 1 | 1 |
_aINIFAP. Campo Experimental El Palmar. _bDivisión Forestal _958658 |
| 830 | 0 |
_aFolleto técnico _v; 23 _942067 |
|
| 901 | _aBK | ||
| 905 | _aAlejandra Carrasco M. | ||
| 942 | _cFOLL | ||
| 949 |
_aFolleto 15041 _bBC _cFOLL _d859891 _eTS1 _i85989 _sb |
||
| 999 |
_c75433 _d75433 |
||